000 00580nam a2200193 4500
001 117401
003 ES-MaACL
005 20250304063102.0
007 t|
008 070302s1982 sp r ||||1| spa d
100 1 _aPeces-Barba, Gregorio,
_d1938-
_989835
245 1 0 _aTránsito a la modernidad y derechos fundamentales /
_cGregorio Peces-Barba.
250 _a[1ª ed.].
260 _aMadrid :
_bMezquita,
_c1982.
300 _aVIII, 214 p. ;
_c19 cm.
852 _aES-MaACL
_jL-2906
_bR.103254
852 _aES-MaACL
_jL-7057
_bR.108017
999 _c117401
_d117401